Największe miasta Unii Europejskiej - Statystyki

Ogólne statystyki
  • Ten quiz został rozwiązany 75 razy
    74 od ostatniego zresetowania
  • Średni wynik to 69 z 100
Odpowiedzi na mapie
Odpowiedzi zakodowano w zielono-czerwonej skali na mapie do tego quizu, zgodnie z poniższymi procentami.
 
Statystyki odpowiedzi
nr Miasto Populacja % Poprawnych
55 Gdańsk 487 834
100%
21 Kraków 807 644
100%
4 Paryż 2 206 488
100%
64 Szczecin 387 700
100%
7 Warszawa 1 862 402
100%
29 Ateny 648 711
98%
1 Berlin 3 878 100
98%
31 Helsinki 641 423
98%
53 Lizbona 506 892
98%
76 Lublin 328 868
98%
2 Madryt 3 182 981
98%
12 Praga 1 384 732
98%
3 Rzym 2 865 234
98%
94 Białystok 290 907
96%
100 Katowice 278 090
96%
30 Łódź 645 482
96%
46 Poznań 536 818
96%
47 Wilno 536 692
96%
26 Wrocław 673 351
96%
10 Barcelona 1 620 809
95%
9 Budapeszt 1 749 734
95%
79 Bydgoszcz 324 984
95%
44 Dublin 554 554
95%
36 Kopenhaga 613 288
95%
32 Ryga 641 326
95%
6 Bukareszt 1 877 155
93%
13 Mediolan 1 372 810
93%
11 Monachium 1 456 039
93%
17 Sztokholm 960 031
93%
56 Bratysława 478 040
91%
14 Sofia 1 290 502
91%
5 Wiedeń 1 888 776
91%
16 Neapol 962 495
89%
22 Zagrzeb 802 338
89%
38 Dortmund 586 600
85%
19 Marsylia 861 635
85%
27 Palermo 666 214
85%
20 Amsterdam 859 732
84%
24 Frankfurt 746 878
84%
96 Kowno 288 466
82%
86 Malmo 312 012
82%
18 Turyn 878 074
82%
71 Bilbao 345 110
80%
8 Hamburg 1 830 584
80%
52 Lyon 513 275
80%
23 Walencja 787 808
80%
45 Drezno 551 072
78%
65 Florencja 381 512
78%
83 Saloniki 315 196
78%
25 Sewilla 689 434
78%
40 Lipsk 581 980
76%
15 Kolonia 1 080 394
75%
98 Ostrawa 284 765
73%
61 Brno 400 566
71%
95 Lublana 289 518
69%
33 Rotterdam 632 743
69%
49 Haga 534 158
67%
72 Nicea 342 637
65%
59 Talinn 440 702
65%
81 Bari 322 018
64%
63 Bolonia 390 294
64%
41 Genua 578 710
64%
43 Brema 568 006
62%
42 Malaga 569 002
62%
34 Stuttgart 617 280
62%
97 Graz 286 292
60%
73 Warna 336 505
60%
50 Antwerpia 523 248
58%
37 Goteborg 590 580
58%
48 Hanower 535 061
56%
51 Norymberga 515 201
56%
35 Dusseldorf 617 280
55%
78 Bonn 325 490
53%
39 Essen 583 393
51%
85 Katania 312 129
49%
90 Nantes 303 382
49%
28 Saragossa 664 046
49%
57 Tuluza 471 941
49%
80 Kluż-Napoka 324 576
45%
75 Alicante 329 988
42%
60 Palma de Mallorca 434 516
42%
62 Las Palmas 395 688
38%
70 Utrecht 349 234
38%
92 Vigo 292 986
35%
58 Murcja 443 243
33%
77 Kordoba 325 916
31%
93 Augsburg 292 851
29%
54 Duisburg 498 110
29%
88 Mannheim 307 997
29%
67 Płowdiw 368 983
29%
68 Bochum 365 529
27%
99 Konstanca 283 872
24%
82 Timisoara 319 279
22%
74 Bielefeld 332 552
20%
91 Valladolid 299 715
20%
66 Jassy 378 871
18%
69 Wuppertal 353 590
18%
84 Munster 313 559
16%
87 Karlsruhe 311 919
15%
89 Gałacz 304 340
7%
Nie znaleziono quizów pasujących do podanych kryteriów
Rozkład punktacji
Procent ludzi z każdym wynikiem
Percentyl według liczby udzielonych odpowiedzi
Twoja historia wyników
Nie rozwiązałeś tego quizu od ostatniego zresetowania